Một chuyến đi Tiểu thuyết

Na minha lista:
Detalhes bibliográficos
Autor principal: Nguyễn, Nguyên Phước
Formato: Livro
Idioma:Undetermined
Publicado em: H. Phụ nữ Việt Nam 2019
Assuntos:
Acesso em linha:http://lrc.tdmu.edu.vn/opac/search/detail.asp?aID=2&ID=40675
Tags: Adicionar Tag
Sem tags, seja o primeiro a adicionar uma tag!
Thư viện lưu trữ: Trung tâm Học liệu Trường Đại học Thủ Dầu Một
LEADER 00690nam a2200205Ia 4500
001 TDMU_40675
008 210410s9999 xx 000 0 und d
082 |a 895.1352 
090 |b NG527 
100 |a Nguyễn, Nguyên Phước 
245 0 |a Một chuyến đi 
245 0 |b Tiểu thuyết 
245 0 |c Nguyễn Nguyên Phước 
260 |a H. 
260 |b Phụ nữ Việt Nam 
260 |c 2019 
300 |a 202tr. 
650 |a Văn học Việt Nam  |v Tiểu thuyết; Tiểu thuyết Việt Nam 
856 |u http://lrc.tdmu.edu.vn/opac/search/detail.asp?aID=2&ID=40675 
980 |a Trung tâm Học liệu Trường Đại học Thủ Dầu Một